Statistics for Indiana Jones Quotes: The Last Crusade

Click here to take the quiz!

General Stats

  • This quiz has been taken 582 times
  • The average score is 13 of 20

Answer Stats

Indiana Jones and the Last Crusade Quotes% Correct
That belongs in a {museum}!
99%
{Nazis}. I hate these guys.
87%
It tells me that goose-stepping morons like yourself should try reading books instead of {burning} them.
86%
The {dog}? You are named after the {dog}? Hahaha!
84%
Don't call me {Junior}!
83%
Does anyone here speak English? Or even ancient {Greek}?
79%
That's how Austrians say {goodbye}. / Und zis is how ve say {goodbye} in Germany, Doctor Jones.
79%
You don't disappoint Doctor Jones. You're a great deal like {your} {father}.
78%
X never, ever {marks} {the} {spot}.
74%
He chose… {poorly}.
72%
But in the Latin alphabet, {Jehovah} begins with an I.
66%
But if you are a Scottish lord, then I am {Mickey} {Mouse}!
58%
I should have mailed it to the {Marx} brothers.
58%
Only the {penitent} man will pass.
56%
You are oddly attired, for a {knight}.
50%
They have them, in the belly of that {steel} beast.
45%
Indiana... Indiana... {Let} {it} {go}.
39%
"Let my armies be the rocks and the trees and the {birds} {in} {the} {sky}."
38%
You remember the last time we had a quiet drink? I had a {milkshake}.
32%
You call this {archaeology}?
31%

Score Distribution

Percentile by Number Answered

Percent of People with Each Score

Your Score History

You have not taken this quiz